1223 1363 1253 1270 1735 1633 1020 1844 1343 1465 1890 1640 1352 1491 1383 1646 1715 1580 1963 1039 1863 1944 1946 1137 1094 1806 1954 1269 1616 1239 1335 1606 1895 1017 1034 1554 1730 1780 1286 1965 1519 1365 1215 1778 1394 1831 1902 1779 1621 1653 1854 1553 1705 1258 1249 1371 1992 1240 1370 1038 1035 1493 1304 1734 1067 1581 1594 1504 1466 1290 1985 1483 1398 1183 1742 1532 1090 1715 1296 1319 1836 1285 1034 1730 1552 1215 1682 1513 1422 1849 1918 1942 1406 1402 1105 1067 1623 1371 1142 BCNSPRNW ULIB Ver.6.0+V

เปลี่ยนเป็นภาษาไทย

Change to English
 แสดงรายละเอียดบรรณานุกรม
  กลับหน้าหลัก

Brief Record : Get Marc (ISO 2709) : E-mail record : QR code < ปิดหน้าต่าง
LEADER : 00000nam 2200000uu 4500
001    13399108888
003     ULIB
008    110316s||||||||th 000 0 tha d
020    9746438441
024    978974643445 ล.3
060 04 WY20.5^bส551ว 2548 ล.3
245 00 เอกสารการสอนชุดวิชาสารสนเทศและการวิจัยทางการพยาบาล หน่วยที่ 11-15=^bNursing informatics and nursing research /^cสาขาวิชาพยาบาลศาสตร์ มหาวิทยาลัยสุโขทัยธรรมาธิราช
246 30 สารสนเทศและการวิจัยทางการพยาบาล
246 31 Nursing informatics and nursing research
250    พิมพ์ครั้งที่ 3
260    นนทบุรี :^bสำนักพิมพ์มหาวิทยาลัยสุโขทัยธรรมาธิราช,^c2548
300    เล่ม 3= 242 หน้า :^bภาพประกอบ
500    "เอกสารการสอนชุดวิชา 51206 หน่วยที่ 1-5,6-10"--หน้าปกใน
500    สิ่งพิมพ์ของมหาวิทยาลัยสุโขทัยธรรมาธิราชสาขาวิชาพยาบาลศาสตร์
650  7 การพยาบาล^xวิจัย
650  7 สารสนเทศทางการพยาบาล
710 2  มหาวิทยาลัยสุโขทัยธรรมาธิราช. ^bสาขาวิชาพยาบาลศาสตร์
945    ^p170^l0^i017637
945    ^p170^l0^i017636
945    ^p170^l0^i018574
995    เกษร
999     ^aใช้งานได้ทุกระบบ
รายการนี้ยังไม่มีแท็ก
คุณยังไม่ได้ล็อกอิน คุณสามารถมีกิจกรรมร่วมกับเว็บไซต์ได้ แต่ต้องล็อกอินก่อน ::
  ล็อกอิน

รายการสื่อสารสนเทศ

ลำดับที่ ประเภท เลขเรียก/บาร์โค้ด สถานที่ สถานะ
- ไม่พบข้อมูล -

รายการใกล้เคียง
    หัวเรื่อง [สารสนเทศทางการพยาบาล]

BibComment


ยังไม่เคยถูกคอมเมนท์

คอมเมนท์ทรัพยากรรายการนี้
  คอมเมนท์: เอกสารการสอนชุดวิ..


 Copyright 2026. Bcnsprnw @Library